Images of the world: an atlas of satellite imagery and maps (Record no. 354761)

000 -LEADER
fixed length control field 00345cam a22001217a 4500
008 - FIXED-LENGTH DATA ELEMENTS--GENERAL INFORMATION
fixed length control field 180718b1983 xxu||||| |||| 00| 0 eng d
082 ## - DEWEY DECIMAL CLASSIFICATION NUMBER
Classification number A7 Sm64
100 ## - MAIN ENTRY--PERSONAL NAME
Personal name Smith, Roger M.
245 ## - TITLE STATEMENT
Title Images of the world: an atlas of satellite imagery and maps
Statement of responsibility, etc. by Roger M. Smith
260 ## - PUBLICATION, DISTRIBUTION, ETC.
Place of publication, distribution, etc. Glasgow
Name of publisher, distributor, etc. Longman
Date of publication, distribution, etc. 1983
300 ## - PHYSICAL DESCRIPTION
Extent 175p.
650 ## - SUBJECT ADDED ENTRY--TOPICAL TERM
Topical term or geographic name entry element Atlases
Holdings
Withdrawn status Lost status Damaged status Not for loan Permanent Location Current Location Date acquired Full call number Barcode Date last seen Price effective from Koha item type
        Indian Institute of Public Administration Indian Institute of Public Administration 1993-12-14 A7 Sm64 62614 2018-07-21 2018-07-21 Book

Powered by Koha